|
|
|
|
| LEADER |
00000nam0a2200000 4500 |
| 001 |
366194 |
| 005 |
20231102011846.0 |
| 035 |
|
|
|a (RuTPU)RU\TPU\retro\23557
|
| 035 |
|
|
|a RU\TPU\retro\22440
|
| 090 |
|
|
|a 366194
|
| 100 |
|
|
|a 20220202d1981 k y0rusy50 ca
|
| 101 |
1 |
|
|a eng
|c rus
|
| 102 |
|
|
|a RU
|
| 105 |
|
|
|a a z 000zy
|
| 200 |
1 |
|
|a Некоторые вопросы современной научной и практической гидрологии. Ч. 2. Подземные воды, речная гидравлика, экспериментальные исследования в гидрологии
|d Selected problems of modern scientific and fractical hydrology. P. 2. Ground water, river hydraulics, experimental investigations in hydrology
|f Московский государственный университет им. М. В. Ломоносова, Международные высшие гидрологические курсы
|
| 210 |
|
|
|a Москва
|c Изд-во Московского университета
|d 1981
|
| 215 |
|
|
|a С. 203-406
|
| 300 |
|
|
|a На английском языке
|
| 454 |
|
1 |
|0 (RuTPU)RU\TPU\retro\22440
|t Некоторые вопросы современной научной и практической гидрологии
|h Ч. 2
|i Подземные воды, речная гидравлика, экспериментальные исследования в гидрологии
|f Московский государственный университет им. М. В. Ломоносова, Международные высшие гидрологические курсы
|c Москва
|n Изд-во Московского университета
|d 1981
|p С. 201-393
|s Международная гидрологическая программа
|
| 510 |
1 |
|
|a Selected problems of modern scientific and fractical hydrology. P. 2. Ground water, river hydraulics, experimental investigations in hydrology
|z eng
|
| 606 |
1 |
|
|a Гидрология практическая
|2 stltpush
|3 (RuTPU)RU\TPU\subj\6722
|9 34531
|
| 610 |
1 |
|
|a подземные воды
|
| 610 |
1 |
|
|a речная гидравлика
|
| 610 |
1 |
|
|a русловые процессы
|
| 610 |
1 |
|
|a гидрологические исследования
|
| 610 |
1 |
|
|a водохранилища
|
| 610 |
1 |
|
|a водная поверхность
|
| 610 |
1 |
|
|a испарение
|
| 610 |
1 |
|
|a осадки
|
| 610 |
1 |
|
|a сельскохозяйственные угодья
|
| 610 |
1 |
|
|a влагооборот
|
| 610 |
1 |
|
|a английский язык
|
| 675 |
|
|
|a 556.18
|v 4
|
| 712 |
0 |
2 |
|a Московский государственный университет им. М. В. Ломоносова
|b Международные высшие гидрологические курсы
|c (1940- )
|2 stltpush
|3 (RuTPU)RU\TPU\col\7
|
| 801 |
|
1 |
|a RU
|b 63413507
|c 20211012
|
| 801 |
|
2 |
|a RU
|b 63413507
|c 20220420
|g RCR
|
| 942 |
|
|
|c BK
|